Az ifjúsági munkanélküliség az Európai Unió tagállamaiban
Elmentve itt :
| Szerző: | |
|---|---|
| Testületi szerző: | |
| Dokumentumtípus: | Prezentáció |
| Megjelent: |
2013
|
| Kulcsszavak: | munkanélküliség ifjúságé európai unió |
| Tárgyszavak: | |
| Online Access: | http://eta.bibl.u-szeged.hu/4057 |
| LEADER | 00825nnm a2200229 i 4500 | ||
|---|---|---|---|
| 001 | eta4057 | ||
| 005 | 20201208101525.0 | ||
| 008 | 201208s2013 hu o 0|| hun d | ||
| 040 | |a SZTE Elektronikus Tananyag Archívum |b hun | ||
| 041 | |a hun | ||
| 100 | 1 | |a Martus Bettina | |
| 245 | 1 | 3 | |a Az ifjúsági munkanélküliség az Európai Unió tagállamaiban |h [elektronikus dokumentum] / |c Martus Bettina |
| 260 | |c 2013 | ||
| 300 | |a 12 | ||
| 516 | |a Presentation | ||
| 650 | 4 | |a Társadalomtudományok | |
| 650 | 4 | |a Közgazdasági és gazdálkodástudományok | |
| 695 | |a munkanélküliség | ||
| 695 | |a ifjúságé | ||
| 695 | |a európai unió | ||
| 711 | |a Generációk diskurzusa a regionális tudományról |c Szeged, Magyarország |d 2013.05.24. | ||
| 856 | 4 | 0 | |u https://eta.bibl.u-szeged.hu/4057/1/2010-0012_51_03.pdf |z Dokumentum-elérés |